| 000 | 00387nam a2200157Ia 4500 | ||
|---|---|---|---|
| 008 | 230312s9999||||xx |||||||||||||| ||und|| | ||
| 020 | _a81-203-2119-9 | ||
| 082 |
_a629.8 _bGOO-C |
||
| 100 | _aGoodwin;Graham.C | ||
| 245 | 0 | _aControl System Design | |
| 260 |
_bPrentice Hall _aIndia _c1 |
||
| 300 | _a908 | ||
| 546 | _aEng. | ||
| 650 |
_aEngineering _vControl System Design |
||
| 942 | _cBK | ||
| 999 |
_c8936 _d8936 |
||